A practical guide to using panel data / (Record no. 161929)
[ view plain ]
| 000 -LEADER | |
|---|---|
| fixed length control field | 00913cam a2200265 i 4500 |
| 001 - CONTROL NUMBER | |
| control field | vtls003266216 |
| 003 - CONTROL NUMBER IDENTIFIER | |
| control field | MY-SjTCS |
| 005 - DATE AND TIME OF LATEST TRANSACTION | |
| control field | 20200226120304.0 |
| 008 - FIXED-LENGTH DATA ELEMENTS--GENERAL INFORMATION | |
| fixed length control field | 151209s2015 caua b 001 0 eng d |
| 020 ## - INTERNATIONAL STANDARD BOOK NUMBER | |
| International Standard Book Number | 9781446210864 (hardback) |
| 039 #9 - LEVEL OF BIBLIOGRAPHIC CONTROL AND CODING DETAIL [OBSOLETE] | |
| Level of rules in bibliographic description | 201512091942 |
| Level of effort used to assign nonsubject heading access points | shuhada |
| Level of effort used to assign subject headings | 201512091427 |
| Level of effort used to assign classification | shuhada |
| Level of effort used to assign subject headings | 201512091318 |
| Level of effort used to assign classification | shuhada |
| -- | 201507101718 |
| -- | malathy |
| 040 ## - CATALOGING SOURCE | |
| Description conventions | rda |
| 082 04 - DEWEY DECIMAL CLASSIFICATION NUMBER | |
| Classification number | 330.015195 |
| Item number | LON 2015 |
| 100 1# - MAIN ENTRY--PERSONAL NAME | |
| Personal name | Longhi, Simonetta. |
| 9 (RLIN) | 74490 |
| 245 12 - TITLE STATEMENT | |
| Title | A practical guide to using panel data / |
| Statement of responsibility, etc. | Simonetta Longhi, Alita Nandi. |
| 260 ## - PUBLICATION, DISTRIBUTION, ETC. | |
| Place of publication, distribution, etc. | Los Angeles : |
| Name of publisher, distributor, etc. | SAGE, |
| Date of publication, distribution, etc. | 2015. |
| 300 ## - PHYSICAL DESCRIPTION | |
| Extent | xxvii, 310 pages : |
| Other physical details | illustrations ; |
| Dimensions | 24 cm |
| 336 ## - CONTENT TYPE | |
| Content type term | text |
| Source | rdacontent |
| 337 ## - MEDIA TYPE | |
| Media type term | unmediated |
| Source | rdamedia |
| 338 ## - CARRIER TYPE | |
| Carrier type term | volume |
| Source | rdacarrier |
| 504 ## - BIBLIOGRAPHY, ETC. NOTE | |
| Bibliography, etc. note | Includes bibliographical references (pages 303-307) and index. |
| 650 #0 - SUBJECT ADDED ENTRY--TOPICAL TERM | |
| Topical term or geographic name entry element | Panel analysis. |
| 9 (RLIN) | 25374 |
| 700 1# - ADDED ENTRY--PERSONAL NAME | |
| Personal name | Nandi, Alita. |
| 9 (RLIN) | 74491 |
| 920 ## - Programme | |
| Programme | UWE : 219974 |
| Withdrawn status | Lost status | Source of classification or shelving scheme | Damaged status | Not for loan | Home library | Current library | Date acquired | Total Checkouts | Barcode | Date last seen | Copy number | Uniform Resource Identifier | Koha item type | Public note |
|---|---|---|---|---|---|---|---|---|---|---|---|---|---|---|
| Dewey Decimal Classification | Taylor's Library-TU | Taylor's Library-TU | 07/10/2015 | 5000157750 | 05/12/2019 | 1 | Floor 3, Shelf 5 , Side 2, TierNo 1, BayNo 1 | Main Collection | TBSxx,34006,03,CL |